000 00318nam a22001337a 4500
008 171031b xxu||||| |||| 00| 0 eng d
020 _a9780199240432
041 _aeng
080 _a33
100 _a58
101 _aBUS
245 _aLIFE ON THE LINE IN CONTEMPORARY MANUFACTURING
_cDELEBRIDGE, R
942 _2udc
_cBK
999 _c36776
_d36776